Southville International School and Colleges
Your cart is empty.
  • Cart
  • Lists
    Public lists Eva Luna New books Lux_list list_1
    Your lists Log in to create your own lists
  • Log in to your account
  • Your cookies
  • Search history
Southville International School and Colleges
  • Advanced search
  • Recent comments
  • Most popular
  • Libraries

Log in to your account

Log in with GOOGLE


If you do not have an external account, but do have a local account, you can still log in:

  1. Home
  2. MARC view: 100 Days of school.
Normal view MARC view ISBD view

100 Days of school. (Record no. 111332)

[ view plain ]
MARC details
000 -LEADER
fixed length control field 00305nam a2200121 a 4500
005 - DATE AND TIME OF LATEST TRANSACTION
control field 20140414131913.0
008 - FIXED-LENGTH DATA ELEMENTS--GENERAL INFORMATION
fixed length control field 101014s19uu xx 00 eng d
050 ## - LIBRARY OF CONGRESS CALL NUMBER
Classification number ER
Item number On2 1991
100 ## - MAIN ENTRY--PERSONAL NAME
Personal name Harris, Trudy
245 ## - TITLE STATEMENT
Title 100 Days of school.
260 ## - PUBLICATION, DISTRIBUTION, ETC. (IMPRINT)
Name of publisher, distributor, etc Scholastic ,
Place of publication, distribution, etc New York :
Date of publication, distribution, etc 1991.
Holdings
Withdrawn status Lost status Damaged status Home library Current library Shelving location Date acquired Total Checkouts Full call number Barcode Date last seen Price effective from Koha item type
      Munich Library Munich Library Easy Reading Section 10/14/2010   ER On2 1991 M2008 04/14/2014 04/14/2014 Books

100 Days of school.

APA

Harris T., . (1991). 100 Days of school. New York: Scholastic.

Chicago

Harris Trudy, . 1991. 100 Days of school. New York: Scholastic.

Harvard

Harris T., . (1991). 100 Days of school. New York: Scholastic.

MLA

Harris Trudy, . 100 Days of school. New York: Scholastic. 1991.

  • Place hold
  • Print
  • Cite
  • Add to your cart (remove)
  • Save record
    BIBTEX Dublin Core MARCXML MARC (non-Unicode/MARC-8) MARC (Unicode/UTF-8) MARC (Unicode/UTF-8, Standard) MODS (XML) RIS
  • More searches
    Search for this title in:
    Other Libraries (WorldCat) Other Databases (Google Scholar) Online Stores (Bookfinder.com) Open Library (openlibrary.org)

Exporting to Dublin Core...

SOUTHVILLE LIBRARY

Southville International School and Colleges Library

1281 Tropical Ave. Cor. Luxembourg St., BF Homes International, Las Pinas City

Tel. No. 8256374 / 252358 Loc. 117/146

Powered by Koha